| 000 | 00656nam a2200205 u 4500 | ||
|---|---|---|---|
| 005 | 20230623063610.0 | ||
| 008 | 151119s2011 mx r 000 0 spa d | ||
| 020 | _a9786071115362 | ||
| 035 | _aUPN01000206956 | ||
| 049 | _aI | ||
| 050 | 4 |
_aPQ7298.423 A7.8 _bB4.3 |
|
| 100 | 1 |
_aMartín del Campo, David, _d1952- _932483 |
|
| 245 | 1 | 4 |
_aUna bicicleta para el cocodrilo / _cDavid Martín del Campo ; il. de Gerardo Cunillé V. |
| 260 |
_aMéxico : _bAlfaguara, _c2011. |
||
| 300 |
_a55 p. : _bil. col. |
||
| 440 | 0 | _aAlfaguara infantil | |
| 650 | 4 |
_aCuentos infantiles mexicanos _97723 |
|
| 650 | 0 |
_aAnimales _vCuentos y leyendas _9234 |
|
| 905 | _aInfantil | ||
| 999 |
_c179057 _d179057 |
||